| 000 | 00865nam a2200217Ii 4500 | ||
|---|---|---|---|
| 003 | JO-AjNU | ||
| 008 | 230605s9999||||xx |||||||||||||| ||und|| | ||
| 017 | _a2004/12/2994 | ||
| 040 |
_aJO-AjNU _bara _erda _cJO-AjNU |
||
| 041 | _aara | ||
| 050 | 1 | 4 | _aHQ525.I8. K42 2005 |
| 100 | 3 |
_aالخالدي، إبراهيم بدر شهاب, _eauthor _96927 |
|
| 245 | 0 | 0 | _aسلام البيت : بحث في الخلافات الزوجية وسبل علاجها في ضوء الاسلام |
| 250 | _aط1 | ||
| 264 | 3 | 1 | _aعمان: دار الاعلام للنشر والتوزيع،ة 2005 |
| 300 |
_a144ص _bيحتوي ببلوغرافية من ص 140-144ص |
||
| 336 |
_atext _btxt _2rdacontent |
||
| 337 |
_aunmediated _bn _2rdamedia |
||
| 338 |
_avolume _bnc _2rdacarrier |
||
| 650 | 4 |
_aالأسرة في الإسلام - الزواج - الحقوق الزوجية _96928 |
|
| 999 |
_aA20 _c3588 _d3588 |
||